[Event "Kendrapara Umar Ali Memorial"]
[Site "Kendrapara"]
[Date "2017.12.26"]
[Round "3"]
[White "Samal, Ansuman"]
[Black "Chaitanya, Rout"]
[Result "1-0"]
[WhiteElo "2022"]
[BlackElo "1487"]
[PlyCount "37"]
[EventDate "2017.12.25"]
[EventType "swiss"]
[EventRounds "9"]
[EventCountry "IND"]
[SourceTitle "EXT 2019"]
[Source "ChessBase"]
[SourceDate "2018.10.10"]
[SourceVersion "1"]
[SourceVersionDate "2018.10.10"]
[SourceQuality "1"]

1. e4 c5 2. Nc3 d6 3. f4 Nc6 4. Nf3 e6 5. g3 g6 6. Bg2 Bg7 7. d3 Nge7 8. 0-0 0-0 9. Be3 Rb8 10. Rb1 b6 11. g4 d5 12. Bf2 dxe4 13. Nxe4 f5 14. gxf5 exf5 15. Nc3 Nd4 16. Re1 Nec6 17. Ng5 Bf6 18. Nf3 Bb7 19. Ne5 1-0